<?xml version="1.0" encoding="UTF-8"?><?xml-stylesheet type="text/xsl" href="static/style.xsl"?><OAI-PMH xmlns="http://www.openarchives.org/OAI/2.0/" xmlns:xsi="http://www.w3.org/2001/XMLSchema-instance" xsi:schemaLocation="http://www.openarchives.org/OAI/2.0/ http://www.openarchives.org/OAI/2.0/OAI-PMH.xsd"><responseDate>2026-04-27T19:53:08Z</responseDate><request verb="GetRecord" identifier="oai:uvadoc.uva.es:10324/4099" metadataPrefix="marc">https://uvadoc.uva.es/oai/request</request><GetRecord><record><header><identifier>oai:uvadoc.uva.es:10324/4099</identifier><datestamp>2021-09-13T09:18:01Z</datestamp><setSpec>com_10324_1181</setSpec><setSpec>com_10324_931</setSpec><setSpec>com_10324_894</setSpec><setSpec>col_10324_1387</setSpec></header><metadata><record xmlns="http://www.loc.gov/MARC21/slim" xmlns:doc="http://www.lyncode.com/xoai" xmlns:xsi="http://www.w3.org/2001/XMLSchema-instance" xmlns:dcterms="http://purl.org/dc/terms/" xsi:schemaLocation="http://www.loc.gov/MARC21/slim http://www.loc.gov/standards/marcxml/schema/MARC21slim.xsd">
<leader>00925njm 22002777a 4500</leader>
<datafield tag="042" ind1=" " ind2=" ">
<subfield code="a">dc</subfield>
</datafield>
<datafield tag="720" ind1=" " ind2=" ">
<subfield code="a">Arranz Sanz, Eduardo</subfield>
<subfield code="e">author</subfield>
</datafield>
<datafield tag="720" ind1=" " ind2=" ">
<subfield code="a">Garrote Adrados, José Antonio</subfield>
<subfield code="e">author</subfield>
</datafield>
<datafield tag="260" ind1=" " ind2=" ">
<subfield code="c">2010</subfield>
</datafield>
<datafield tag="520" ind1=" " ind2=" ">
<subfield code="a">These results open the&#xd;
way for alternative therapies for Coeliac Disease based on the&#xd;
use of antioxidants, TGt inhibitors (and&#xd;
PPARg modulators), or the re-induction of&#xd;
tolerance.&#xd;
Competing interests None.</subfield>
</datafield>
<datafield tag="024" ind2=" " ind1="8">
<subfield code="a">Gut, March 2010, vol.59, n.3. p.286-287</subfield>
</datafield>
<datafield tag="024" ind2=" " ind1="8">
<subfield code="a">0017-5749</subfield>
</datafield>
<datafield tag="024" ind2=" " ind1="8">
<subfield code="a">http://uvadoc.uva.es/handle/10324/4099</subfield>
</datafield>
<datafield tag="024" ind2=" " ind1="8">
<subfield code="a">10.1136/gut.2009.189332</subfield>
</datafield>
<datafield tag="024" ind2=" " ind1="8">
<subfield code="a">286</subfield>
</datafield>
<datafield tag="024" ind2=" " ind1="8">
<subfield code="a">3</subfield>
</datafield>
<datafield tag="024" ind2=" " ind1="8">
<subfield code="a">287</subfield>
</datafield>
<datafield tag="024" ind2=" " ind1="8">
<subfield code="a">Gut</subfield>
</datafield>
<datafield tag="024" ind2=" " ind1="8">
<subfield code="a">59</subfield>
</datafield>
<datafield ind1=" " ind2=" " tag="653">
<subfield code="a">Enfermedad celíaca - Inmunología</subfield>
</datafield>
<datafield tag="245" ind1="0" ind2="0">
<subfield code="a">Novel mechanisms of gliadin immunotoxicity</subfield>
</datafield>
</record></metadata></record></GetRecord></OAI-PMH>